LEADER 00963cam0-22003611i-450- 001 990007029620403321 005 20070704112952.0 010 $a88-15-07913-0 035 $a000702962 035 $aFED01000702962 035 $a(Aleph)000702962FED01 035 $a000702962 100 $a20020115d2001----km-y0itay50------ba 101 0 $aita 102 $aIT 105 $ay-------001yb 200 1 $aEnrico Mattei$fNico Perrone 210 $aBologna$cIl mulino$d2001 215 $a167 p.$d21 cm 225 1 $a<>identitą italiana$v22 610 0 $aMattei, Enrico 610 0 $aMattei, Enrico 676 $a338.76655092$v21$zita 700 1$aPerrone,$bNico$f<1935- >$0141827 801 0$aIT$bUNINA$gRICA$2UNIMARC 901 $aBK 912 $a990007029620403321 952 $aCollez. 1821 (22)$b37236$fFSPBC 952 $a338.76 MAT 1$bBibl.41479$fFLFBC 959 $aFSPBC 959 $aFLFBC 996 $aEnrico Mattei$9509235 997 $aUNINA LEADER 01231nam2-2200385li-450- 001 990000268680203316 005 20090611134438.0 035 $a0026868 035 $aUSA010026868 035 $a(ALEPH)000026868USA01 035 $a0026868 100 $a19900926d1975----km-y0itay50------ba20001109d1975----km-y0itay0103----ba 101 0 $aeng 102 $aGB 105 $a||||||||001yy 200 1 $a<> superconducting state$fA. D. C. Grassie 210 $aLondon$cSussex University Press$d1975 215 $aVIII, 135 p.$cill.$d22 cm 225 2 $aGraduate student series in physics$v3 410 0$1001000326936$12001$aGraduate student series in physics 606 0 $aSuperconduttivitą 676 $a537.623 700 1$aGRASSIE,$bA. D. C.$0541790 801 0$aSistema bibliotecario di Ateneo dell' Universitą di Salerno$bsalbc$gRICA 912 $a990000268680203316 951 $a530 GSS (3)$b2976/CBS$c530$d00222918 959 $aBK 969 $aSCI 979 $c19900926 979 $c20001110$lUSA01$h1716 979 $c20020403$lUSA01$h1635 979 $aPATRY$b90$c20040406$lUSA01$h1619 979 $aRSIAV7$b90$c20090611$lUSA01$h1344 996 $aSuperconducting state$9882277 997 $aUNISA LEADER 01676nam 22004335 450 001 9910254554503321 005 20200703085121.0 010 $a3-319-08982-X 024 7 $a10.1007/978-3-319-08982-9 035 $a(CKB)3710000000726801 035 $a(DE-He213)978-3-319-08982-9 035 $a(MiAaPQ)EBC4543255 035 $a(PPN)194380343 035 $a(EXLCZ)993710000000726801 100 $a20160607d2016 u| 0 101 0 $aeng 135 $aurnn|008mamaa 181 $ctxt$2rdacontent 182 $cc$2rdamedia 183 $acr$2rdacarrier 200 10$aHandbook of Incretin-based Therapies in Type 2 Diabetes /$fedited by Stephen Gough 205 $a1st ed. 2016. 210 1$aCham :$cSpringer International Publishing :$cImprint: Adis,$d2016. 215 $a1 online resource (IX, 92 p. 20 illus., 16 illus. in color.) 311 $a3-319-08981-1 320 $aIncludes bibliographical references at the end of each chapters. 327 $aIntroduction and disease overview -- Incretin hormones as a target for therapy -- Glucagon-like peptide receptor agonists -- Dipeptidyl peptidase-4 inhibitors -- Global position and recommendations for use -- Future and emerging therapies. . 330 $a . 606 $aDiabetes 606 $aDiabetes$3https://scigraph.springernature.com/ontologies/product-market-codes/H33045 615 0$aDiabetes. 615 14$aDiabetes. 676 $a616.462 676 $a616.46 702 $aGough$b Stephen$4edt$4http://id.loc.gov/vocabulary/relators/edt 906 $aBOOK 912 $a9910254554503321 996 $aHandbook of Incretin-based Therapies in Type 2 Diabetes$92540564 997 $aUNINA